[Event "SV Weidenau/Geisweid 1 - Schach Nienber"]
[Site "NRW-Klasse - Gruppe 1 2018/20"]
[Date "2019.03.17"]
[Round "7.4"]
[White "Scholl, Patrick"]
[Black "Gottkehaskamp, Stefan"]
[Result "0-1"]
[WhiteElo "1954"]
[BlackElo "1998"]
[PlyCount "54"]
[EventDate "2019.??.??"]
[WhiteTeam "SV Weidenau/Geisweid 1"]
[BlackTeam "Schach Nienberge 1"]

1. c4 Nf6 2. g3 g6 3. Bg2 Bg7 4. Nc3 O-O 5. d3 d6 6. e4 c5 7. Nge2 Nc6 8. O-O
a6 9. h3 Rb8 10. f4 Ne8 11. Be3 Nc7 12. d4 cxd4 13. Nxd4 Ne6 14. Nb3 Bd7 15. f5
Nc7 16. Bb6 Qc8 17. Nd5 Nxd5 18. cxd5 Ne5 19. Rc1 Qe8 20. Rf2 Bb5 21. Bf1 Bxf1
22. Qxf1 Qa4 23. Nd4 Qb4 24. Ba7 Ra8 25. a3 Qa5 26. b4 Qd8 27. fxg6 hxg6 0-1

[Event "SV Weidenau/Geisweid 1 - Schach Nienber"]
[Site "NRW-Klasse - Gruppe 1 2018/20"]
[Date "2019.03.17"]
[Round "7.5"]
[White "Kemper, Georg"]
[Black "Meinhardt, Michael"]
[Result "1-0"]
[WhiteElo "1988"]
[BlackElo "2009"]
[PlyCount "85"]
[EventDate "2019.??.??"]
[WhiteTeam "Schach Nienberge 1"]
[BlackTeam "SV Weidenau/Geisweid 1"]

1. d4 Nf6 2. c4 e6 3. g3 d5 4. Bg2 dxc4 5. Nf3 Bb4+ 6. Bd2 a5 7. Bxb4 axb4 8.
Ne5 O-O 9. O-O Nc6 10. Nxc6 bxc6 11. Bxc6 Rb8 12. Bf3 Qd6 13. e3 Ba6 14. Re1 c5
15. dxc5 Qxc5 16. Qc2 Rfd8 17. Nd2 Rbc8 18. Rec1 Qe5 19. Qa4 Qb5 20. Qc2 c3 21.
Nb3 Qe5 22. Nd4 Nd5 23. bxc3 Rxc3 24. Qa4 Ra3 25. Qc6 g6 26. Qc5 Rc8 27. Nc6
Qf6 28. Bxd5 exd5 29. Ne7+ Kg7 30. Nxc8 Bxc8 31. Qxb4 Ra8 32. Qc3 Be6 33. a4 d4
34. Qxd4 Qxd4 35. exd4 Rd8 36. Rd1 Bg4 37. Rd2 h5 38. Kg2 h4 39. f3 h3+ 40. Kf2
Be6 41. d5 Rxd5 42. Rxd5 Bxd5 43. a5 1-0

[Event "SV Weidenau/Geisweid 1 - Schach Nienber"]
[Site "NRW-Klasse - Gruppe 1 2018/20"]
[Date "2019.03.17"]
[Round "7.6"]
[White "Waechtler, Frank"]
[Black "Haas, Kai"]
[Result "1/2-1/2"]
[WhiteElo "1980"]
[BlackElo "1931"]
[PlyCount "35"]
[EventDate "2019.??.??"]
[WhiteTeam "SV Weidenau/Geisweid 1"]
[BlackTeam "Schach Nienberge 1"]

1. e4 d5 2. exd5 Nf6 3. Nc3 Bg4 4. Be2 Bxe2 5. Qxe2 a6 6. Nf3 Nxd5 7. Nxd5 Qxd5
8. c4 Qf5 9. d4 Nc6 10. a3 e6 11. d5 Nd8 12. O-O Bd6 13. dxe6 Nxe6 14. Nd4 Qf6
15. Nxe6 Qxe6 16. Qxe6+ fxe6 17. Re1 Kf7 18. Bd2 1/2-1/2

[Event "SV Weidenau/Geisweid 1 - Schach Nienber"]
[Site "NRW-Klasse - Gruppe 1 2018/20"]
[Date "2019.03.17"]
[Round "7.7"]
[White "Keller, Dirk"]
[Black "Düber, Olaf"]
[Result "1-0"]
[WhiteElo "1892"]
[BlackElo "1943"]
[PlyCount "91"]
[EventDate "2019.??.??"]
[WhiteTeam "Schach Nienberge 1"]
[BlackTeam "SV Weidenau/Geisweid 1"]

1. c4 e5 2. g3 Nf6 3. Bg2 c6 4. d4 e4 5. Nc3 Bb4 6. Qb3 a5 7. Bg5 h6 8. Bxf6
Qxf6 9. e3 Bxc3+ 10. Qxc3 d5 11. cxd5 Bf5 12. Ne2 cxd5 13. Qb3 Nc6 14. Nc3 Nb4
15. O-O O-O 16. Nxd5 Nxd5 17. Qxd5 Rfd8 18. Qb5 Bd7 19. Qxb7 Bc6 20. Qb3 Rab8
21. Qa3 a4 22. Rfc1 Bd5 23. Qxa4 Rxb2 24. Rc2 Rxc2 25. Qxc2 Qe6 26. a4 Rc8 27.
Qb1 f5 28. a5 Bc4 29. Qb7 Ba6 30. Qb6 Rc6 31. Qd8+ Kh7 32. Qb8 Rc8 33. Qe5 Qxe5
34. dxe5 Kg8 35. g4 g6 36. gxf5 gxf5 37. Bh3 Rc5 38. Bf1 Rc6 39. Bxa6 Rxa6 40.
Kg2 Kf7 41. Kg3 Rg6+ 42. Kf4 Ke6 43. h3 Rg2 44. Ra2 Rg7 45. a6 Ra7 46. Ra5 1-0

[Event "SV Weidenau/Geisweid 1 - Schach Nienber"]
[Site "NRW-Klasse - Gruppe 1 2018/20"]
[Date "2019.03.17"]
[Round "7.8"]
[White "Piskorz, Andreas"]
[Black "Emiroglu, Murat"]
[Result "0-1"]
[WhiteElo "1898"]
[BlackElo "2151"]
[PlyCount "42"]
[EventDate "2019.??.??"]
[WhiteTeam "SV Weidenau/Geisweid 1"]
[BlackTeam "Schach Nienberge 1"]

1. Nf3 d5 2. e3 Nf6 3. b3 Bg4 4. Bb2 e6 5. Be2 c5 6. O-O Nc6 7. d4 Rc8 8. c4
cxd4 9. cxd5 Qxd5 10. Nxd4 Bxe2 11. Qxe2 Be7 12. Rd1 O-O 13. Na3 Nxd4 14. Bxd4
Bxa3 15. Bxf6 Qf5 16. Bd4 b6 17. e4 Qa5 18. Rab1 h6 19. h4 Rfd8 20. Rd3 Qb5 21.
Rbd1 Rxd4 0-1

[Event "SF Brackel 1 - SF Lieme 1"]
[Site "NRW-Klasse - Gruppe 1 2018/20"]
[Date "2019.03.17"]
[Round "7.1"]
[White "Niermann, Tristan"]
[Black "Luft, Dennis"]
[Result "1-0"]
[WhiteElo "2269"]
[BlackElo "2238"]
[PlyCount "87"]
[EventDate "2019.??.??"]
[WhiteTeam "SF Lieme 1"]
[BlackTeam "SF Brackel 1"]

1. d4 d5 2. c4 e6 3. Nf3 Nf6 4. g3 Be7 5. Bg2 O-O 6. O-O dxc4 7. Qc2 c6 8. Qxc4
b5 9. Qb3 Bb7 10. Nc3 Nbd7 11. Rd1 a6 12. e4 c5 13. d5 exd5 14. e5 c4 15. Qc2
Ne4 16. Nxe4 dxe4 17. Bh3 exf3 18. Rxd7 Qc8 19. Bf5 Bc5 20. Bxh7+ Kh8 21. Qf5
Qxd7 22. Qxd7 Rfd8 23. Qxd8+ Rxd8 24. Bc2 Bd4 25. Bg5 Re8 26. Rd1 Rxe5 27. Be3
Rxe3 28. fxe3 Bxe3+ 29. Kf1 g6 30. Rd7 Bc6 31. Rxf7 g5 32. Rf6 Bd7 33. Rxf3 Bd4
34. b3 Bh3+ 35. Ke1 Be6 36. Rf8+ Kg7 37. Ra8 a5 38. Rb8 Bc3+ 39. Ke2 cxb3 40.
Bxb3 Bg4+ 41. Kd3 b4 42. Rb5 Kf6 43. Rxa5 Bf5+ 44. Ke3 1-0

[Event "SF Brackel 1 - SF Lieme 1"]
[Site "NRW-Klasse - Gruppe 1 2018/20"]
[Date "2019.03.17"]
[Round "7.2"]
[White "Kartsev, Soel"]
[Black "Wittke, Rene"]
[Result "0-1"]
[WhiteElo "2200"]
[BlackElo "2214"]
[PlyCount "120"]
[EventDate "2019.??.??"]
[WhiteTeam "SF Brackel 1"]
[BlackTeam "SF Lieme 1"]

1. d4 Nf6 2. c4 Nc6 3. Nc3 e5 4. d5 Ne7 5. a3 Ng6 6. h4 h5 7. Nf3 Be7 8. Bg5 d6
9. e3 Bg4 10. Bd3 Nf8 11. Qa4+ N6d7 12. Bxe7 Qxe7 13. Nd2 Kd8 14. b4 f5 15. e4
f4 16. f3 Nb6 17. Qa5 Bd7 18. c5 Nc8 19. Nc4 a6 20. b5 dxc5 21. b6 c6 22. O-O-O
Rh6 23. Rd2 Ke8 24. Rhd1 Nd6 25. Qxc5 Rc8 26. Qb4 c5 27. Qb2 Nxc4 28. Bxc4 Rd6
29. g3 Ng6 30. Ne2 fxg3 31. Rg1 Nxh4 32. f4 Nf3 33. Rxg3 Nxd2 34. fxe5 Nxc4 35.
exd6 Qf6 36. Qxf6 gxf6 37. Rg6 Kf7 38. Rh6 Kg7 39. Rxh5 Bg4 40. Nf4 Nxd6 41.
Rh4 Bd7 42. Nh5+ Kg6 43. Nf4+ Kg5 44. Rh7 Kxf4 45. Rxd7 Ke5 46. Re7+ Kd4 47.
Rd7 Nxe4 48. d6 Kd5 49. Rxb7 Nxd6 50. Ra7 Kc6 51. b7 Rb8 52. Rxa6+ Kc7 53. Kc2
Rxb7 54. Ra8 Kc6 55. Kc3 f5 56. a4 f4 57. Kd3 Rf7 58. Ke2 f3+ 59. Kf1 f2 60.
Ra6+ Kd5 0-1

[Event "SF Brackel 1 - SF Lieme 1"]
[Site "NRW-Klasse - Gruppe 1 2018/20"]
[Date "2019.03.17"]
[Round "7.3"]
[White "Himpenmacher, Andy"]
[Black "Fluechter, Gregor"]
[Result "1/2-1/2"]
[WhiteElo "2199"]
[BlackElo "2147"]
[PlyCount "95"]
[EventDate "2019.??.??"]
[WhiteTeam "SF Lieme 1"]
[BlackTeam "SF Brackel 1"]

1. d4 d5 2. Bf4 Nf6 3. e3 c5 4. c3 Nc6 5. Nd2 Bf5 6. Ngf3 e6 7. Nh4 Bg4 8. Qb3
Qd7 9. h3 Bh5 10. g4 Bg6 11. Nxg6 hxg6 12. Bg2 cxd4 13. exd4 Na5 14. Qc2 Bd6
15. Bxd6 Qxd6 16. Nb3 Nxb3 17. axb3 a6 18. Qe2 Qf4 19. Qe3 g5 20. O-O Ke7 21.
Rfe1 Rad8 22. Ra5 Qxe3 23. Rxe3 Rd6 24. Re5 Nd7 25. Re1 Kf6 26. Kh2 Nf8 27. Rc5
Rd7 28. b4 Ng6 29. Bf1 b6 30. Rc6 Rb8 31. Bxa6 Ne7 32. b5 Nxc6 33. bxc6 Rc7 34.
Bb7 Rcxb7 35. cxb7 Rxb7 36. Ra1 b5 37. Ra6 b4 38. Rc6 bxc3 39. bxc3 Rb1 40. Kg3
Rd1 41. f3 Rg1+ 42. Kf2 Rh1 43. Kg2 Rd1 44. Kg3 Rg1+ 45. Kf2 Rh1 46. Kg2 Rd1
47. Kg3 Rg1+ 48. Kf2 1/2-1/2

[Event "SF Brackel 1 - SF Lieme 1"]
[Site "NRW-Klasse - Gruppe 1 2018/20"]
[Date "2019.03.17"]
[Round "7.4"]
[White "Goldschmidt, Christian"]
[Black "Essing, Arnold"]
[Result "1-0"]
[WhiteElo "2168"]
[BlackElo "2165"]
[PlyCount "47"]
[EventDate "2019.??.??"]
[WhiteTeam "SF Brackel 1"]
[BlackTeam "SF Lieme 1"]

1. e4 c5 2. d4 cxd4 3. c3 Nf6 4. e5 Nd5 5. Nf3 d6 6. Bc4 Nb6 7. Bb3 Nc6 8. exd6
Qxd6 9. O-O Be6 10. Na3 Rd8 11. Nb5 Qd7 12. Bf4 Na8 13. Re1 Bxb3 14. Qxb3 e6
15. Nfxd4 a6 16. Nxe6 fxe6 17. Rxe6+ Be7 18. Nd6+ Kf8 19. Rae1 Na5 20. Qd5 Nc7
21. Qf5+ Bf6 22. Rxf6+ gxf6 23. Qxf6+ Kg8 24. Re7 1-0

[Event "SF Brackel 1 - SF Lieme 1"]
[Site "NRW-Klasse - Gruppe 1 2018/20"]
[Date "2019.03.17"]
[Round "7.5"]
[White "Wolf, Andre"]
[Black "Steinmetzer, Thomas"]
[Result "1/2-1/2"]
[WhiteElo "2142"]
[BlackElo "2183"]
[PlyCount "21"]
[EventDate "2019.??.??"]
[WhiteTeam "SF Lieme 1"]
[BlackTeam "SF Brackel 1"]

1. e4 e5 2. Nf3 Nc6 3. Bc4 Nf6 4. d3 Be7 5. Nc3 d6 6. a3 O-O 7. Be3 Ng4 8. Bd2
Nd4 9. h3 Nf6 10. Nxd4 exd4 11. Nd5 1/2-1/2

[Event "SF Brackel 1 - SF Lieme 1"]
[Site "NRW-Klasse - Gruppe 1 2018/20"]
[Date "2019.03.17"]
[Round "7.6"]
[White "Korten, Lando"]
[Black "Schaffarczyk, Andre"]
[Result "1-0"]
[WhiteElo "2046"]
[BlackElo "2081"]
[PlyCount "51"]
[EventDate "2019.??.??"]
[WhiteTeam "SF Brackel 1"]
[BlackTeam "SF Lieme 1"]

1. d4 d5 2. c4 e6 3. Nc3 Nf6 4. cxd5 exd5 5. Bg5 c6 6. e3 Be7 7. Bd3 Nbd7 8.
Nf3 h6 9. Bf4 Nh5 10. Be5 Nxe5 11. Nxe5 Nf6 12. f4 Bb4 13. O-O O-O 14. Qf3 c5
15. g4 cxd4 16. exd4 Qb6 17. Ne2 Bd6 18. b3 Bd7 19. Nxd7 Nxd7 20. Qxd5 Rfe8 21.
g5 Re3 22. Bc4 Re7 23. Ng3 g6 24. Ne4 Bc7 25. f5 Rae8 26. Rae1 1-0

[Event "SF Brackel 1 - SF Lieme 1"]
[Site "NRW-Klasse - Gruppe 1 2018/20"]
[Date "2019.03.17"]
[Round "7.7"]
[White "Stork, Holger"]
[Black "Boehm, Juergen"]
[Result "1-0"]
[WhiteElo "2055"]
[BlackElo "2154"]
[Annotator "Daniel"]
[PlyCount "91"]
[EventDate "2019.??.??"]
[WhiteTeam "SF Lieme 1"]
[BlackTeam "SF Brackel 1"]

1. e4 e6 2. d3 d5 3. Qe2 dxe4 4. dxe4 e5 5. Nf3 Nd7 6. g3 Bc5 7. Bg2 Ngf6 8.
O-O O-O 9. Nbd2 b6 10. Nh4 a5 11. Re1 Re8 12. Nc4 Ba6 13. Nf5 g6 14. Nh4 Qe7
15. Bf1 Bxc4 16. Qxc4 Ng4 17. Re2 Qf6 18. h3 Bxf2+ 19. Kg2 Bxg3 20. Kxg3 Qxf1
21. hxg4 Nc5 22. Nf3 b5 23. Qxc5 Qxe2 24. Be3 b4 $11 25. Rh1 Rad8 26. Ng5 h6
27. Nf3 Rd1 28. Rxd1 Qxd1 29. Bxh6 Qd6 30. Qc4 Qe6 31. Qxc7 a4 32. Ng5 Qe7 33.
Qc4 Qb7 34. Nf3 Rc8 35. Qd3 f6 36. Be3 Qf7 37. Bd2 Qc4 38. Qd7 Qc6 39. Qd3 Qc4
40. Qd6 Rc6 41. Qd8+ Kh7 42. Qe7+ Kg8 43. Qe8+ Kh7 44. g5 f5 45. exf5 gxf5 46.
g6+ 1-0

[Event "Krefelder SK Turm 1 - SF Lieme 1"]
[Site "NRW-Klasse - Gruppe 1 2018/20"]
[Date "2019.04.14"]
[Round "8.1"]
[White "Niermann, Tristan"]
[Black "Stomberg, Thomas"]
[Result "1/2-1/2"]
[WhiteElo "2269"]
[BlackElo "2306"]
[PlyCount "46"]
[EventDate "2019.??.??"]
[WhiteTeam "SF Lieme 1"]
[BlackTeam "Krefelder SK Turm 1"]

1. d4 d5 2. c4 e6 3. Nf3 Nf6 4. g3 Bb4+ 5. Bd2 Be7 6. Bg2 O-O 7. O-O c6 8. Qc2
b6 9. Bf4 Nbd7 10. Rd1 Ba6 11. Ne5 Rc8 12. cxd5 cxd5 13. Nc6 Bb5 14. Nxe7+ Qxe7
15. Nc3 a5 16. Rac1 Bc6 17. Qb1 Rfd8 18. f3 h6 19. Bh3 b5 20. Qd3 Ra8 21. Qd2
Nb6 22. b3 b4 23. Nb1 Rdc8 1/2-1/2

[Event "Krefelder SK Turm 1 - SF Lieme 1"]
[Site "NRW-Klasse - Gruppe 1 2018/20"]
[Date "2019.04.14"]
[Round "8.2"]
[White "Kistella, Roman"]
[Black "Wittke, Rene"]
[Result "1/2-1/2"]
[WhiteElo "2223"]
[BlackElo "2214"]
[PlyCount "122"]
[EventDate "2019.??.??"]
[WhiteTeam "Krefelder SK Turm 1"]
[BlackTeam "SF Lieme 1"]

1. d4 Nf6 2. Nf3 g6 3. Nc3 Bg7 4. e4 d6 5. Bf4 c6 6. h3 O-O 7. Qd2 b5 8. Bd3
Re8 9. O-O Nbd7 10. e5 dxe5 11. dxe5 b4 12. exf6 bxc3 13. Qxc3 Nxf6 14. Qxc6
Be6 15. Qa4 Qb6 16. Be5 Bd5 17. Nd2 Red8 18. Nc4 Qc5 19. Qa5 Rac8 20. b4 Qxa5
21. Nxa5 Ba8 22. a3 Nd5 23. Bxg7 Kxg7 24. Rfe1 f5 25. c4 Nf4 26. Bf1 Kf6 27.
Red1 e5 28. c5 Ne6 29. Ba6 Rc7 30. Rxd8 Nxd8 31. Bc4 Ne6 32. Bxe6 Kxe6 33. Nc4
Bd5 34. Nd6 a5 35. Rd1 axb4 36. axb4 Ra7 37. Nb5 Rb7 38. Nc3 Bc4 39. Rd6+ Ke7
40. Rb6 Rxb6 41. cxb6 Kd7 42. Na4 Kc6 43. Nc5 Kxb6 44. Nd7+ Kb5 45. Nxe5 Kxb4
46. f4 Kc5 47. Kf2 Kd4 48. g3 Kd5 49. Nf7 Kc5 50. Ng5 Bg8 51. Ke3 Kd5 52. Nf3
Bf7 53. h4 Be6 54. Kd3 Kc5 55. Nd4 Bd7 56. Ke3 Kd5 57. Nf3 Be6 58. Ng5 Bg8 59.
Nf3 Be6 60. Kd3 Kc5 61. Ne1 Bd5 1/2-1/2

[Event "Krefelder SK Turm 1 - SF Lieme 1"]
[Site "NRW-Klasse - Gruppe 1 2018/20"]
[Date "2019.04.14"]
[Round "8.3"]
[White "Himpenmacher, Andy"]
[Black "Van Gool, Rudi"]
[Result "0-1"]
[WhiteElo "2199"]
[BlackElo "2209"]
[PlyCount "46"]
[EventDate "2019.??.??"]
[WhiteTeam "SF Lieme 1"]
[BlackTeam "Krefelder SK Turm 1"]

1. d4 d5 2. Bf4 c5 3. e3 Nc6 4. c3 Nf6 5. Nd2 e6 6. Ngf3 b6 7. Bd3 Bd6 8. Bg3
Bxg3 9. hxg3 Qd6 10. Bb5 Bd7 11. Bxc6 Bxc6 12. Ne5 Nd7 13. Nxd7 Bxd7 14. Qg4
Kf8 15. dxc5 Qxc5 16. Nf3 Qb5 17. Ne5 Be8 18. O-O-O Qa4 19. Rd4 Qxa2 20. Kc2 f5
21. Ng6+ Kg8 22. Qf4 Bxg6 23. Ra4 e5 0-1

[Event "Krefelder SK Turm 1 - SF Lieme 1"]
[Site "NRW-Klasse - Gruppe 1 2018/20"]
[Date "2019.04.14"]
[Round "8.4"]
[White "Kern, Guido"]
[Black "Essing, Arnold"]
[Result "1/2-1/2"]
[WhiteElo "2286"]
[BlackElo "2165"]
[PlyCount "67"]
[EventDate "2019.??.??"]
[WhiteTeam "Krefelder SK Turm 1"]
[BlackTeam "SF Lieme 1"]

1. Nf3 d5 2. g3 c5 3. Bg2 Nc6 4. d4 e6 5. O-O b5 6. a4 b4 7. c4 bxc3 8. Nxc3
Nf6 9. Bf4 a6 10. Rc1 c4 11. b3 Ba3 12. Rb1 cxb3 13. Qxb3 Bd6 14. Qb6 Qxb6 15.
Rxb6 Bxf4 16. gxf4 Na5 17. Rfb1 O-O 18. e3 Bd7 19. Bf1 Rfc8 20. Na2 Nc4 21.
Bxc4 Rxc4 22. Rb8+ Rxb8 23. Rxb8+ Be8 24. Nb4 a5 25. Na6 Rxa4 26. Nc7 Kf8 27.
Ne5 g6 28. Kg2 Ra2 29. h3 Ke7 30. Nxe8 Nxe8 31. Rb7+ Kd8 32. Rb8+ Ke7 33. Rb7+
Kd8 34. Rb8+ 1/2-1/2

[Event "Krefelder SK Turm 1 - SF Lieme 1"]
[Site "NRW-Klasse - Gruppe 1 2018/20"]
[Date "2019.04.14"]
[Round "8.5"]
[White "Wolf, Andre"]
[Black "Terhuven, Patrick"]
[Result "0-1"]
[WhiteElo "2142"]
[BlackElo "2161"]
[PlyCount "68"]
[EventDate "2019.??.??"]
[WhiteTeam "SF Lieme 1"]
[BlackTeam "Krefelder SK Turm 1"]

1. e4 c5 2. Nf3 g6 3. d4 cxd4 4. Qxd4 Nf6 5. Nc3 Nc6 6. Qa4 d6 7. e5 dxe5 8.
Nxe5 Bd7 9. Nxd7 Nxd7 10. Be3 Bg7 11. Rd1 Bxc3+ 12. bxc3 O-O 13. h4 Nb6 14. Qe4
Qc7 15. h5 Rfd8 16. hxg6 hxg6 17. Qh4 Qe5 18. Qh7+ Kf8 19. Be2 Rxd1+ 20. Kxd1
Rd8+ 21. Bd3 Qxc3 22. Rh4 Ke8 23. Ke2 Rd6 24. Qg8+ Kd7 25. Qxf7 Ne5 26. Bb5+
Kc7 27. Qxe7+ Nbd7 28. Ba4 Qa1 29. Bd2 Qxa2 30. Bb4 Re6 31. Bb3 Qa6+ 32. Kd2
Rxe7 33. Bxe7 Nc6 34. Rc4 Qxc4 0-1

[Event "Krefelder SK Turm 1 - SF Lieme 1"]
[Site "NRW-Klasse - Gruppe 1 2018/20"]
[Date "2019.04.14"]
[Round "8.6"]
[White "Winkel, Peter"]
[Black "Schaffarczyk, Andre"]
[Result "1-0"]
[WhiteElo "2143"]
[BlackElo "2081"]
[PlyCount "55"]
[EventDate "2019.??.??"]
[WhiteTeam "Krefelder SK Turm 1"]
[BlackTeam "SF Lieme 1"]

1. d4 d5 2. c4 e6 3. Nf3 Nf6 4. Nc3 Be7 5. Bf4 O-O 6. e3 b6 7. Bd3 dxc4 8. Bxc4
Ba6 9. Qe2 Bxc4 10. Qxc4 c5 11. O-O Qc8 12. Nb5 Qa6 13. Qb3 Nd5 14. Bg3 Rc8 15.
Rfc1 Nc6 16. e4 Na5 17. Qa4 Nb4 18. Nc7 Qe2 19. Nxa8 Rxa8 20. dxc5 Nd3 21. Rc2
b5 22. Rxe2 bxa4 23. Bd6 Bxd6 24. cxd6 Nc4 25. d7 Ndxb2 26. Rc1 a3 27. Rec2 Rb8
28. h3 1-0

[Event "Krefelder SK Turm 1 - SF Lieme 1"]
[Site "NRW-Klasse - Gruppe 1 2018/20"]
[Date "2019.04.14"]
[Round "8.7"]
[White "Stork, Holger"]
[Black "Dorner, Matthias"]
[Result "1/2-1/2"]
[WhiteElo "2055"]
[BlackElo "2133"]
[PlyCount "89"]
[EventDate "2019.??.??"]
[WhiteTeam "SF Lieme 1"]
[BlackTeam "Krefelder SK Turm 1"]

1. e4 c6 2. d3 d5 3. Nd2 dxe4 4. dxe4 Nf6 5. Ngf3 Bg4 6. h3 Bxf3 7. Qxf3 Nbd7
8. g3 e6 9. Bg2 Bc5 10. O-O O-O 11. Qe2 Qc7 12. a4 a5 13. Nc4 Qxg3 14. Ra3 Qh4
15. Rb3 b6 16. Kh2 e5 17. Rg3 h6 18. f4 b5 19. Nxe5 Nxe5 20. fxe5 Qh5 21. Rxg7+
Kh8 22. Qxh5 Nxh5 23. Rgxf7 Rxf7 24. Rxf7 Re8 25. Bxh6 Bd4 26. axb5 cxb5 27. c3
Bxe5+ 28. Kg1 b4 29. cxb4 axb4 30. Rf8+ Rxf8 31. Bxf8 b3 32. Ba3 Nf4 33. Bf1
Bd4+ 34. Kh1 Kg7 35. Bd6 Ne6 36. Bc4 Ng5 37. Bxb3 Bxb2 38. e5 Nf7 39. Bxf7 Kxf7
40. h4 Ke6 41. h5 Bxe5 42. Bxe5 Kxe5 43. h6 Kf6 44. h7 Kg7 45. Kg2 1/2-1/2

[Event "Krefelder SK Turm 1 - SF Lieme 1"]
[Site "NRW-Klasse - Gruppe 1 2018/20"]
[Date "2019.04.14"]
[Round "8.8"]
[White "Fehmer, Carsten"]
[Black "Schulte, Oliver"]
[Result "1/2-1/2"]
[WhiteElo "2060"]
[BlackElo "2059"]
[PlyCount "80"]
[EventDate "2019.??.??"]
[WhiteTeam "Krefelder SK Turm 1"]
[BlackTeam "SF Lieme 1"]

1. Nf3 Nf6 2. g3 d6 3. d4 c6 4. Bg2 Bg4 5. Nbd2 Nbd7 6. O-O Qc7 7. e4 e5 8. c3
Be7 9. Qc2 O-O 10. Re1 Rfe8 11. dxe5 dxe5 12. h3 Bh5 13. Nf1 Nc5 14. b4 Ne6 15.
Ng5 Nxg5 16. Bxg5 a5 17. a3 Rad8 18. Ne3 h6 19. Bxf6 Bxf6 20. g4 Bg6 21. Red1
Bg5 22. Nc4 axb4 23. axb4 b5 24. Nb2 c5 25. bxc5 Qxc5 26. Nd3 Qc4 27. Nb4 Qc5
28. Qb2 h5 29. Nd5 Rb8 30. Qb4 Qc8 31. Bf3 hxg4 32. hxg4 Qb7 33. Ra2 Rec8 34.
Qd6 Re8 35. Rda1 Rbd8 36. Qb4 Rxd5 37. Ra7 Rd7 38. Rxb7 Rxb7 39. Ra5 Reb8 40.
Kg2 Be7 1/2-1/2

[Event "Schach Nienberge 1 - SF Brackel 1"]
[Site "NRW-Klasse - Gruppe 1 2018/20"]
[Date "2019.04.14"]
[Round "8.1"]
[White "Luft, Dennis"]
[Black "Remmeke, Hans"]
[Result "1-0"]
[WhiteElo "2238"]
[BlackElo "2133"]
[PlyCount "91"]
[EventDate "2019.??.??"]
[WhiteTeam "SF Brackel 1"]
[BlackTeam "Schach Nienberge 1"]

1. e4 c5 2. d3 Nc6 3. Be2 d5 4. exd5 Qxd5 5. Nf3 Nf6 6. Nc3 Qd8 7. Ne4 Nxe4 8.
dxe4 Qxd1+ 9. Bxd1 e6 10. Be3 Be7 11. Be2 Bd7 12. O-O-O O-O-O 13. c3 h6 14. h4
Be8 15. Rxd8+ Kxd8 16. Bf4 Kc8 17. h5 Bd7 18. e5 Nb8 19. Rh3 Rd8 20. Nd2 Bc6
21. Rg3 Bf8 22. Bf3 Bxf3 23. Rxf3 Rd7 24. Ne4 c4 25. g4 Nc6 26. g5 hxg5 27.
Nxg5 Kd8 28. Nh7 Ke8 29. h6 gxh6 30. Nf6+ Kd8 31. Nxd7 Kxd7 32. Rg3 Ne7 33. Rh3
Nf5 34. Kd2 Kc6 35. Ke2 Bg7 36. Kf3 Bf8 37. Ke4 a6 38. Rh1 Kc7 39. Bg3 Be7 40.
Bf4 Bf8 41. a4 Kc6 42. Rd1 Kc7 43. Be3 Be7 44. Rg1 Bf8 45. Rg8 Bg7 46. Bc5 1-0

[Event "Schach Nienberge 1 - SF Brackel 1"]
[Site "NRW-Klasse - Gruppe 1 2018/20"]
[Date "2019.04.14"]
[Round "8.2"]
[White "Gottkehaskamp, Philipp"]
[Black "Kartsev, Soel"]
[Result "1-0"]
[WhiteElo "2029"]
[BlackElo "2200"]
[PlyCount "91"]
[EventDate "2019.??.??"]
[WhiteTeam "Schach Nienberge 1"]
[BlackTeam "SF Brackel 1"]

1. d4 Nf6 2. g3 e6 3. Bg2 d5 4. Nf3 Nbd7 5. O-O Bd6 6. c4 dxc4 7. Nbd2 b5 8.
Ne5 Nd5 9. Nc6 Qf6 10. e4 c3 11. Nb3 N5b6 12. e5 Nxe5 13. dxe5 Bxe5 14. Nxe5
Qxe5 15. Bf4 Qf6 16. Bxa8 Nxa8 17. Qf3 O-O 18. Qxc3 Qf5 19. Nd4 Qh3 20. Nc6 Bb7
21. Qc5 Nb6 22. Ne7+ Kh8 23. Ng6+ hxg6 24. Qxf8+ Kh7 25. f3 f6 26. Rad1 Nd5 27.
Bd2 b4 28. Qc5 g5 29. Qxa7 Bc6 30. Qa6 Bd7 31. Qd3+ Kg8 32. Bxb4 g4 33. Bd2 f5
34. Qe2 gxf3 35. Qxf3 Bc6 36. g4 Qh4 37. Qg3 Qe7 38. Rc1 Bb7 39. gxf5 exf5 40.
Bh6 f4 41. Qxg7+ Qxg7+ 42. Bxg7 Kxg7 43. Rfd1 Kf6 44. Rxc7 Nxc7 45. Rd7 Bd5 46.
a3 1-0

[Event "Schach Nienberge 1 - SF Brackel 1"]
[Site "NRW-Klasse - Gruppe 1 2018/20"]
[Date "2019.04.14"]
[Round "8.4"]
[White "Ringwelski, Marius"]
[Black "Aulich, Marcell"]
[Result "0-1"]
[WhiteElo "1967"]
[BlackElo "2164"]
[PlyCount "68"]
[EventDate "2019.??.??"]
[WhiteTeam "Schach Nienberge 1"]
[BlackTeam "SF Brackel 1"]

1. c4 e5 2. Nc3 Nf6 3. Nf3 Nc6 4. g3 Nd4 5. Bg2 Nxf3+ 6. Bxf3 Bc5 7. O-O O-O 8.
e3 Bb4 9. Qc2 Re8 10. d3 c6 11. b3 d5 12. Bb2 Bh3 13. Rfd1 Qd7 14. a3 Bxc3 15.
Bxc3 Qf5 16. Qe2 e4 17. Bh1 Bg4 18. f3 Bxf3 19. Bxf3 exf3 20. Rf1 fxe2 21. Rxf5
Rxe3 22. Re1 dxc4 23. Bxf6 gxf6 24. dxc4 Rae8 25. Rxf6 Rxb3 26. Rf4 Rxa3 27.
Rg4+ Kh8 28. Rd4 Re7 29. Kf2 Ra2 30. Kf3 Rc2 31. Kf4 c5 32. Rd8+ Kg7 33. h4
Rxc4+ 34. Kf5 Rce4 0-1

[Event "Schach Nienberge 1 - SF Brackel 1"]
[Site "NRW-Klasse - Gruppe 1 2018/20"]
[Date "2019.04.14"]
[Round "8.5"]
[White "Goldschmidt, Christian"]
[Black "Gottkehaskamp, Stefan"]
[Result "1/2-1/2"]
[WhiteElo "2168"]
[BlackElo "1998"]
[PlyCount "56"]
[EventDate "2019.??.??"]
[WhiteTeam "SF Brackel 1"]
[BlackTeam "Schach Nienberge 1"]

1. e4 Nf6 2. e5 Nd5 3. d4 d6 4. Bc4 Nb6 5. Bb3 dxe5 6. Qh5 e6 7. dxe5 a5 8. a4
Na6 9. Nc3 Nc5 10. Bg5 Be7 11. Rd1 Bd7 12. Be3 Nxb3 13. cxb3 O-O 14. Nge2 Qe8
15. Nf4 Bc6 16. O-O Nd7 17. Bd4 Bc5 18. Rfe1 Qe7 19. Qg4 h6 20. h4 Rfd8 21. Nh5
Qf8 22. Re3 Kh8 23. Bxc5 Nxc5 24. Rg3 Rxd1+ 25. Nxd1 Ne4 26. Qxg7+ Qxg7 27.
Rxg7 Rg8 28. Rxg8+ Kxg8 1/2-1/2

[Event "Schach Nienberge 1 - SF Brackel 1"]
[Site "NRW-Klasse - Gruppe 1 2018/20"]
[Date "2019.04.14"]
[Round "8.6"]
[White "Kemper, Georg"]
[Black "Steinmetzer, Thomas"]
[Result "1/2-1/2"]
[WhiteElo "1971"]
[BlackElo "2183"]
[PlyCount "113"]
[EventDate "2019.??.??"]
[WhiteTeam "Schach Nienberge 1"]
[BlackTeam "SF Brackel 1"]

1. d4 d5 2. c4 e6 3. Nf3 c6 4. g3 Nf6 5. Nbd2 Nbd7 6. Bg2 Bd6 7. O-O O-O 8. Qc2
e5 9. cxd5 cxd5 10. dxe5 Nxe5 11. Nxe5 Bxe5 12. Nf3 Bd6 13. b3 Be6 14. Bb2 Qe7
15. Ng5 Rfc8 16. Qd3 h6 17. Bxf6 Qxf6 18. Qh7+ Kf8 19. Nxe6+ fxe6 20. e4 Kf7
21. exd5 e5 22. Bh3 Rc5 23. Be6+ Ke7 24. Qe4 a5 25. Qa4 b5 26. Qe4 Rf8 27. Rae1
Qg5 28. Qd3 Rf4 29. Kh1 Rf6 30. Re4 Qg6 31. Qe2 Kf8 32. f4 exf4 33. gxf4 Rc7
34. Rg1 Qe8 35. f5 Qb8 36. Reg4 Qb7 37. Rg6 Rxg6 38. fxg6 Be7 39. Bf7 Rc8 40.
Re1 Rd8 41. Rf1 Bf6 42. Qe6 Qe7 43. Qf5 a4 44. bxa4 bxa4 45. Be6 Qd6 46. Qg4
Qa6 47. Qb4+ Qd6 48. Qxa4 Rb8 49. Qa7 Ke8 50. Bf7+ Kf8 51. Re1 Bh4 52. Be6 Qf4
53. Qa3+ Be7 54. Qd3 Rb2 55. Qg3 Qd2 56. Rf1+ Ke8 57. Bf7+ 1/2-1/2